| 000 | 00498nam a2200193Ia 4500 | ||
|---|---|---|---|
| 008 | 240510s9999 xx 000 0 und d | ||
| 020 | _a0000471356263 | ||
| 041 | _aEng | ||
| 082 | _a004.62 | ||
| 082 | _bP84 | ||
| 100 | _aPULLEN J.M. | ||
| 245 | 0 | _aUNDERSTANDING INTERNET PROTOCOLS THROUGH HANDS-ON PROGRAMMING :( With CD) | |
| 260 | _bNEW YORK : JOHN WILEY | ||
| 260 | _c286 | ||
| 300 | _a286 p. | ||
| 650 | _aCOMPUTER NETWORKS : INTERNET PROTOCOLS : | ||
| 942 | _2ddc | ||
| 942 | _cRBK | ||
| 999 |
_c25473 _d25473 |
||
| 945 |
_a1 _bMadushi Gamage _c1 _dMadushi Gamage |
||